<?xml version="1.0" encoding="UTF-8"?><?xml-stylesheet type="text/xsl" href="static/style.xsl"?><OAI-PMH xmlns="http://www.openarchives.org/OAI/2.0/" xmlns:xsi="http://www.w3.org/2001/XMLSchema-instance" xsi:schemaLocation="http://www.openarchives.org/OAI/2.0/ http://www.openarchives.org/OAI/2.0/OAI-PMH.xsd"><responseDate>2026-04-17T05:54:04Z</responseDate><request verb="GetRecord" identifier="oai:www.recercat.cat:2072/472872" metadataPrefix="marc">https://recercat.cat/oai/request</request><GetRecord><record><header><identifier>oai:recercat.cat:2072/472872</identifier><datestamp>2025-05-08T15:02:37Z</datestamp><setSpec>com_2072_98</setSpec><setSpec>col_2072_378192</setSpec></header><metadata><record xmlns="http://www.loc.gov/MARC21/slim" xmlns:dcterms="http://purl.org/dc/terms/" xmlns:xsi="http://www.w3.org/2001/XMLSchema-instance" xmlns:doc="http://www.lyncode.com/xoai" xsi:schemaLocation="http://www.loc.gov/MARC21/slim http://www.loc.gov/standards/marcxml/schema/MARC21slim.xsd">
   <leader>00925njm 22002777a 4500</leader>
   <datafield ind2=" " ind1=" " tag="042">
      <subfield code="a">dc</subfield>
   </datafield>
   <datafield ind2=" " ind1=" " tag="720">
      <subfield code="a">Fernández Amor, José Antonio</subfield>
      <subfield code="e">author</subfield>
   </datafield>
   <datafield ind2=" " ind1=" " tag="260">
      <subfield code="c">2024</subfield>
   </datafield>
   <datafield ind2=" " ind1=" " tag="520">
      <subfield code="a">El objeto de este artículo es ofrecer un contraste entre dos recursos autonómicos como son los tributos cedidos y los recargos tributarios desde la perspectiva de los principios de autonomía financiera y corresponsabilidad fiscal. Se parte de la hipótesis de que el recargo procura una calidad diferente a los principios citados no provista por los tributos cedidos. Tras el estudio de los regímenes jurídicos respectivos se confirma que el recargo tributario autonómico permite a las comunidades autónomas alcanzar una autonomía y corresponsabilidad fiscales no dependientes de las cesiones desde el Estado en tributos de su titularidad. Su utilización permitiría cambiar de la metodología de sucesión de modelos de financiación seguida hasta el momento a consolidar un sistema de financiación autonómico.</subfield>
   </datafield>
   <datafield ind2=" " ind1=" " tag="520">
      <subfield code="a">The purpose of this article is to provide a contrast between two tax resources in the autonomous financing system, namely, assigned taxes and tax surcharges, from the perspective of the principles of financial autonomy and fiscal co-responsibility. The hypothesis is based on the idea that surcharges offer a different quality of the aforementioned principles, which is not provided by assigned taxes. It is confirmed after analysing their respective legal frameworks that autonomous surcharges allow autonomous communities to achieve fiscal autonomy and co-responsibility that is not dependent on transfers from the State as assigned taxes. Their use would enable to change from the methodology of the succession of financing models followed up to this point to a consolidated territorial financing system.</subfield>
   </datafield>
   <datafield tag="653" ind2=" " ind1=" ">
      <subfield code="a">Financiación autonómica</subfield>
   </datafield>
   <datafield tag="653" ind2=" " ind1=" ">
      <subfield code="a">Hacienda autonómica</subfield>
   </datafield>
   <datafield tag="653" ind2=" " ind1=" ">
      <subfield code="a">Política fiscal</subfield>
   </datafield>
   <datafield tag="653" ind2=" " ind1=" ">
      <subfield code="a">Corresponsabilidad fiscal</subfield>
   </datafield>
   <datafield tag="653" ind2=" " ind1=" ">
      <subfield code="a">Impuestos cedidos</subfield>
   </datafield>
   <datafield tag="653" ind2=" " ind1=" ">
      <subfield code="a">Recargo tributario</subfield>
   </datafield>
   <datafield tag="653" ind2=" " ind1=" ">
      <subfield code="a">Autonomic public finance</subfield>
   </datafield>
   <datafield tag="653" ind2=" " ind1=" ">
      <subfield code="a">Fiscal policy</subfield>
   </datafield>
   <datafield tag="653" ind2=" " ind1=" ">
      <subfield code="a">Fiscal co-responsibility</subfield>
   </datafield>
   <datafield tag="653" ind2=" " ind1=" ">
      <subfield code="a">Assigned taxes</subfield>
   </datafield>
   <datafield tag="653" ind2=" " ind1=" ">
      <subfield code="a">Tax surcharges</subfield>
   </datafield>
   <datafield tag="653" ind2=" " ind1=" ">
      <subfield code="a">Tax legislation</subfield>
   </datafield>
   <datafield tag="653" ind2=" " ind1=" ">
      <subfield code="a">ODS 16: Paz, justicia e instituciones sólidas</subfield>
   </datafield>
   <datafield ind2="0" ind1="0" tag="245">
      <subfield code="a">Instrumentos para la autonomía y la corresponsabilidad fiscal en la financiación autonómica : comparando recargos y tributos cedidos</subfield>
   </datafield>
</record></metadata></record></GetRecord></OAI-PMH>